Slnečná elektrina a perspektívy jej výroby na Slovensku

Zhodnotenie potenciálu fotovoltiky na Slovensku v kontexte svetového vývoja. Poukázanie na environmentálne a socioekonomické aspekty jej využitia. Fotovoltika ako súbor technológií, ktoré s využitím polovodičových materiálov premieňajú slnečné svetlo na elektrinu. Potenciál výroby slnečnej elektriny...

Descripción completa

Guardado en:
Detalles Bibliográficos
Autor principal: Šúri, Marcel
Formato: Capítulo de libro
Lenguaje:eslovaco
Materias:
Etiquetas: Agregar Etiqueta
Sin Etiquetas, Sea el primero en etiquetar este registro!

MARC

LEADER 00000naa$a2200000$$$4500
001 0046218
005 20230928075052.4
041 0 |a slo 
044 |a SK 
245 1 0 |a Slnečná elektrina a perspektívy jej výroby na Slovensku  |c Marcel Šúri 
520 |a Zhodnotenie potenciálu fotovoltiky na Slovensku v kontexte svetového vývoja. Poukázanie na environmentálne a socioekonomické aspekty jej využitia. Fotovoltika ako súbor technológií, ktoré s využitím polovodičových materiálov premieňajú slnečné svetlo na elektrinu. Potenciál výroby slnečnej elektriny na Slovensku. Environmentálne vplyvy. Socioekonomické aspekty. SWOT analýza využitia fotovoltickej technológie na Slovensku. 
610 2 0 |a výroba energie 
610 2 0 |a energia slnečná 
610 2 0 |a technológie nové 
610 2 0 |a elektroenergetika 
610 2 0 |a Slovensko 
100 1 |a Šúri, Marcel